Tafsir Sura Ikhlas : / تفسير سورۂ اخلاص (Record no. 29164)

MARC details
000 -LEADER
fixed length control field 00878nam a22002537a 4500
003 - CONTROL NUMBER IDENTIFIER
control field BDDh-ASL
005 - DATE AND TIME OF LATEST TRANSACTION
control field 20231015031012.0
008 - FIXED-LENGTH DATA ELEMENTS--GENERAL INFORMATION
fixed length control field 220914s1931 xx ||||| |||| 00| 0 urd d
040 ## - CATALOGING SOURCE
Original cataloging agency BDDh-ASL
Transcribing agency BDDh-ASL
041 ## - LANGUAGE CODE
Language code of text/sound track or separate title urd
082 ## - DEWEY DECIMAL CLASSIFICATION NUMBER
Classification number 297
Item number FAT
100 1# - MAIN ENTRY--PERSONAL NAME
9 (RLIN) 6491
Personal name Farahi, Hamiduddin
245 10 - TITLE STATEMENT
Title Tafsir Sura Ikhlas : / تفسير سورۂ اخلاص
246 ## - VARYING FORM OF TITLE
Title proper/short title Tafsir Sura Lahab : / تفسير سورۂ لہب
246 ## - VARYING FORM OF TITLE
Title proper/short title Tafsir Sura Fil : / تفسير سورۂ فيل
246 ## - VARYING FORM OF TITLE
Title proper/short title Tafsir Sura Kafirun : / تفسير سورۂ کافرون
246 ## - VARYING FORM OF TITLE
Title proper/short title Tafsir Sura Wattin : / تفسير سورۂ والتين
246 ## - VARYING FORM OF TITLE
Title proper/short title Tafsir Suratus Shams : / تفسير سورۃ الشمس
246 ## - VARYING FORM OF TITLE
Title proper/short title Tafsire Sura Abasa : / تفسير سورۂ عبس
260 ## - PUBLICATION, DISTRIBUTION, ETC.
Date of publication, distribution, etc. 1931.
300 ## - PHYSICAL DESCRIPTION
Extent 38 p. :
Dimensions 18 cm.
650 #0 - SUBJECT ADDED ENTRY--TOPICAL TERM
9 (RLIN) 4705
Topical term or geographic name entry element Tafsir
942 ## - ADDED ENTRY ELEMENTS (KOHA)
Source of classification or shelving scheme Dewey Decimal Classification
Koha item type Books
Holdings
Withdrawn status Lost status Source of classification or shelving scheme Damaged status Not for loan Collection code Home library Current library Shelving location Date acquired Source of acquisition Serial Enumeration / chronology Total Checkouts Full call number Barcode Date last seen Copy number Price effective from Koha item type Public note
    Dewey Decimal Classification   Not For Loan Non-fiction Asiatic Society Library Asiatic Society Library General Stacks 09/14/2022 ASB Collections U-0823-A-F   297 FAT 117349 09/14/2022 C-1 09/14/2022 Books Y-1931

Powered by Koha